000 00681nam a22001817a 4500
003 UA-OsUOA
001 13677
007 ta
008 20030616b un ||||| |||| 00| 0 ukr d
100 _aРєзніков А.
942 _cSA
040 _aUA-OsUOA
_cUA-OsUOA
_dUA-OsUOA
245 _aБезкоштовна вакцина для дітей Рівненщини
_b[Вакцина проти гепатиту В надійшла на Рівненщину від Глобал. альянсу з вакцин та імунізації (ГАВІ)]
300 _aС.6
955 _a0
773 0 _w0
_tОго
_dРівне
_d2003
_g№80/7 трав./
650 7 _aВакцинація
_2UDC
999 _c299838
_d299838